01607nam a2200157 4500001000500000005001700005008004100022035000300063041000700066050001900073245015400092260007500246300001600321520106200337700005001399121120230410115450.0060907n1997 dr spa   aEN14aHD 77 I61 19970 aInternational development and the social sciences :bEssays on the history and politics of knoweledge /cFrederick Cooper, Randall Packard (Editores) aLos Angeles, California :bUniversity of California Press,c1997  axii, 361 p. aInstruments and idioms of colonial and national development : India's historical experience in comparative perspective, 45. -- Modernizing bureaucrats, backward africans, and the development concept, 64. -- Vision of postwar health and their impact on public health interventions in the developing world, 93. -- Intellectual openings and policy closures : Disequilibria in contemporary development economics, 119. -- Anthropology and its twin : Development in the constitution of a discipline, 150. -- Population science private foundations, and development aid : The transformation of demographic knowledge in the United States, 176. -- Redefining development at the world bank, 203. -- Development ideas in Latin America : Paradingm shift and the economic commission for Latin America, 228. -- Found in most traditional societies : Traditional medical practitioners between culture and development, 259. -- Senegalese development : From mass mobilization to technocratic elitism, 291. -- Agrarian populism in the development of a modern nation, 320 aCooper, Frederick, ed. \ Packard, Randall, ed